Countries which are football champions - Statistics

General Stats
  • This quiz has been taken 24 times
  • The average score is 92 of 107
Answer Stats
Hint Answer % Correct
1 | 2 | 3 | 16 Argentina
100%
1 | 2 France
100%
1 | 3 | 4 Germany
100%
3 Great Britain
100%
1 | 2 | 4 Italy
100%
1 | 4 Japan
100%
2 | 6 South Korea
100%
1 | 2 | 4 Spain
100%
1 | 4 Australia
95%
2 | 4 | 5 | 9 Brazil
95%
1 Colombia
95%
1 | 12 Mexico
95%
6 New Zealand
95%
1 | 2 Portugal
95%
1 | 2 Soviet Union
95%
2 | 15 Uruguay
95%
3 | 7 USA
95%
1 | 2 Canada
90%
2 Chile
90%
1 England
90%
3 | 4 Iran
90%
1 | 2 Morocco
90%
3 Saudi Arabia
90%
1 South Africa
90%
1 Yugoslavia
90%
1 Czechoslovakia
85%
7 Egypt
85%
1 Iraq
85%
1 Netherlands
85%
1 | 3 Nigeria
85%
1 | 2 Qatar
85%
1 Senegal
85%
2 Algeria
80%
3 Costa Rica
80%
1 Denmark
80%
2 DR Congo
80%
2 India
80%
2 Paraguay
80%
2 Peru
80%
1 Sweden
80%
1 Tunisia
80%
1 Belgium
75%
1 | 5 Cameroon
75%
1 Greece
75%
1 Israel
75%
1 Zambia
75%
1 Bolivia
70%
4 Ghana
70%
1 Honduras
70%
3 Ivory Coast
70%
1 Kuwait
70%
1 Poland
70%
1 Sudan
70%
2 Chinese Taipei
65%
1 Guatemala
65%
1 Congo
60%
1 Ethiopia
60%
1 North Korea
60%
3 Hungary
55%
1 Libya
55%
1 Haiti
50%
1 Tahiti
45%
2 Myanmar
40%
1 Uzbekistan
40%
No matching quizzes found
Score Distribution
Percent of People with Each Score
Percentile by Number Answered
Your Score History
You have not taken this quiz